[Event "IECC P email"]
[Site "IECC email"]
[Date "2000.01.16"]
[Round "?"]
[White "Peters, Charles William"]
[Black "Arsenault, Ralph"]
[Result "1-0"]
[WhiteElo "821"]
[BlackElo "993"]
[PlyCount "55"]
[EventDate "2000.??.??"]
[EventType "tourn (corr)"]
[EventRounds "6"]
[SourceTitle "Corr 2008"]
[Source "ChessBase"]
[SourceDate "2008.06.24"]
[SourceVersion "1"]
[SourceVersionDate "2008.06.24"]
[SourceQuality "1"]

1. e4 e5 2. Nf3 Nc6 3. d4 d6 4. Bc4 Be6 5. b3 Nf6 6. Ng5 Qe7 7. d5 Ng4 8. dxe6 fxe6 9. Qxg4 Nd4 10. Qh5+ g6 11. Qd1 Bg7 12. c3 0-0 13. cxd4 Qf6 14. Bxe6+ Kh8 15. Qg4 Qxf2+ 16. Kd1 Rf4 17. Qh3 Qxd4+ 18. Ke2 Rf2+ 19. Ke1 Bh6 20. Nf7+ Kg8 21. Nxh6+ Kf8 22. Be3 Qxa1 23. Kxf2 Qxa2+ 24. Nd2 Ke7 25. Bg5+ Ke8 26. Bd7+ Kf8 27. Qf3+ Kg7 28. Qf6# 1-0